000 00359nam a2200145Ia 4500
005 20251222175924.0
008 251222s9999||||xx |||||||||||||| ||spa||
020 _a9788483087664
082 _a843.912/L49
100 _aLeroux, Gaston
245 0 _aEl Misterio del Cuarto Amarillo
250 _a1ra.ed.
264 _bAlmadraba Editores, S.A.
942 _cLIB
999 _c40772
_d40772